[Event "Heusenstamm Sparkassen op-A 6th"]
[Site "Heusenstamm"]
[Date "2019.11.22"]
[Round "3"]
[White "Reitz, Theresa"]
[Black "Hess, Steffen"]
[Result "1/2-1/2"]
[WhiteElo "1901"]
[BlackElo "2028"]
[PlyCount "44"]
[EventDate "2019.11.21"]
[EventType "swiss"]
[EventRounds "7"]
[EventCountry "GER"]
[SourceTitle "CBM 194 Extra"]
[Source "ChessBase"]
[SourceDate "2020.03.31"]
[SourceVersion "1"]
[SourceVersionDate "2020.03.31"]
[SourceQuality "1"]

1. Nf3 g6 2. g3 Bg7 3. d4 Nf6 4. Bg2 0-0 5. 0-0 d6 6. c4 Nbd7 7. b3 a6 8. Bb2 Rb8 9. Re1 e5 10. e4 exd4 11. Nxd4 Re8 12. Qc2 c5 13. Ne2 b5 14. Nd2 b4 15. Nf4 Ne5 16. Nf3 Nxf3+ 17. Bxf3 Bb7 18. Bg2 Qc7 19. Rad1 Re7 20. Nd3 Ne8 21. Bxg7 Nxg7 22. h4 h6 1/2-1/2

[Event "Heusenstamm Sparkassen op-A 5th"]
[Site "Heusenstamm"]
[Date "2018.11.25"]
[Round "6"]
[White "Schubert, Nikita"]
[Black "Hess, Steffen"]
[Result "1/2-1/2"]
[WhiteElo "1845"]
[BlackElo "2092"]
[PlyCount "107"]
[EventDate "2018.11.22"]
[EventType "swiss"]
[EventRounds "7"]
[EventCountry "GER"]
[SourceTitle "CBM 188 Extra"]
[Source "ChessBase"]
[SourceDate "2019.02.26"]
[SourceVersion "1"]
[SourceVersionDate "2019.02.26"]
[SourceQuality "1"]

1. d4 Nf6 2. Nf3 g6 3. c4 Bg7 4. g3 0-0 5. Bg2 d6 6. Nc3 Nbd7 7. 0-0 e5 8. e4 exd4 9. Nxd4 a6 10. h3 Re8 11. Be3 Rb8 12. f4 Nc5 13. Qc2 Ncxe4 14. Nxe4 Nxe4 15. Bxe4 Qe7 16. Rfe1 Qxe4 17. Bf2 Qxe1+ 18. Rxe1 Rxe1+ 19. Bxe1 Bxd4+ 20. Kh2 Bf5 21. Qe2 b5 22. cxb5 Rxb5 23. Bc3 c5 24. a4 Rb3 25. g4 Be6 26. Qxa6 Bxc3 27. bxc3 Rxc3 28. Qxd6 Ra3 29. a5 Ra2+ 30. Kg3 c4 31. Kh4 h6 32. Qc5 Rd2 33. a6 Ra2 34. f5 gxf5 35. gxf5 Rxa6 36. fxe6 Rxe6 37. Kg4 Kg7 38. Qxc4 Rg6+ 39. Kf4 Rf6+ 40. Ke4 Re6+ 41. Kf4 Rf6+ 42. Kg3 Rg6+ 43. Kh2 Kg8 44. Qe2 Kg7 45. h4 Kg8 46. Qf3 Kg7 47. h5 Rg5 48. Kh3 Kg8 49. Kh4 Kg7 50. Qc3+ Kg8 51. Qf6 Kh7 52. Qxf7+ Kh8 53. Qe6 Kg7 54. Qe1 1/2-1/2

[Event "Rhein Main op-A 20th"]
[Site "Bad Homburg"]
[Date "2017.06.14"]
[Round "1"]
[White "Papadopoulos, Ioannis1111"]
[Black "Hess, Steffen"]
[Result "0-1"]
[WhiteElo "1826"]
[BlackElo "2046"]
[PlyCount "72"]
[EventDate "2017.06.14"]
[EventType "swiss"]
[EventRounds "7"]
[EventCountry "GER"]
[SourceTitle "EXT 2018"]
[Source "ChessBase"]
[SourceDate "2017.10.13"]
[SourceVersion "1"]
[SourceVersionDate "2017.10.13"]
[SourceQuality "1"]

1. e4 e6 2. d4 d5 3. Nd2 Be7 4. e5 Nh6 5. Bd3 c5 6. c3 Nc6 7. Ne2 Qb6 8. Nf3 cxd4 9. cxd4 Nf5 10. Bxf5 exf5 11. 0-0 h6 12. Nf4 Be6 13. Nxe6 fxe6 14. Be3 0-0 15. g3 Rac8 16. a3 Qxb2 17. Rb1 Qxa3 18. Rxb7 Qa6 19. Rb1 Rb8 20. Ra1 Qb6 21. Qc2 Rfc8 22. Rfb1 Bb4 23. Qd1 a5 24. Nh4 Qa7 25. Rc1 Nd8 26. Ng6 Kh7 27. Nf4 Qd7 28. Qh5 Kg8 29. Kh1 Qf7 30. Qxf7+ Kxf7 31. Rg1 Rc4 32. g4 g5 33. Ne2 f4 34. Bc1 Nc6 35. Rd1 Rc2 36. Ng1 Bc3 0-1

[Event "Karl Mala Memorial op 14th"]
[Site "Frankfurt"]
[Date "2011.07.08"]
[Round "3"]
[White "Schellen, Sven"]
[Black "Hess, Steffen"]
[Result "0-1"]
[WhiteElo "1749"]
[BlackElo "2005"]
[PlyCount "78"]
[EventDate "2011.07.07"]
[EventType "swiss"]
[EventRounds "7"]
[EventCountry "GER"]
[SourceTitle "EXT 2012"]
[Source "ChessBase"]
[SourceDate "2011.11.24"]
[SourceVersion "1"]
[SourceVersionDate "2011.11.24"]
[SourceQuality "1"]

1. d4 Nf6 2. c4 g6 3. Nc3 Bg7 4. e4 d6 5. Nf3 0-0 6. Be2 e5 7. 0-0 Nc6 8. d5 Ne7 9. b4 Nh5 10. Qb3 f5 11. Ng5 Nf6 12. f3 h6 13. Ne6 Bxe6 14. dxe6 c6 15. Rd1 Qc7 16. Be3 Kh7 17. Rac1 Rfd8 18. b5 Qc8 19. bxc6 bxc6 20. c5 d5 21. exd5 Nfxd5 22. Nxd5 Nxd5 23. e7 Nxe7 24. Rxd8 Qxd8 25. Qe6 Nd5 26. Rd1 Qe8 27. Qxe8 Rxe8 28. Bf2 Nc3 29. Rd2 Nxe2+ 30. Rxe2 Rd8 31. Bg3 Rd1+ 32. Re1 Rxe1+ 33. Bxe1 Bf8 34. Bb4 Kg7 35. Kf2 Kf7 36. Ke3 Ke6 37. Kd3 Kd5 38. Bd2 h5 39. a3 Bxc5 0-1

[Event "Main Vogelsberg op 5th"]
[Site "Hanau"]
[Date "2010.05.01"]
[Round "4"]
[White "Hess, Steffen"]
[Black "Will, Dominik"]
[Result "0-1"]
[WhiteElo "2068"]
[BlackElo "1969"]
[PlyCount "126"]
[EventDate "2010.04.28"]
[EventType "swiss"]
[EventRounds "7"]
[EventCountry "GER"]
[SourceTitle "CBM 136 Extra"]
[Source "ChessBase"]
[SourceDate "2010.07.02"]
[SourceVersion "2"]
[SourceVersionDate "2010.07.15"]
[SourceQuality "1"]

1. d4 Nf6 2. Nf3 g6 3. Nbd2 d5 4. e3 Bg7 5. Bd3 b6 6. Qe2 c5 7. c3 Bb7 8. 0-0 0-0 9. e4 dxe4 10. Nxe4 cxd4 11. Nxd4 Qd5 12. Re1 Nbd7 13. Bg5 Nc5 14. Bxf6 exf6 15. f3 f5 16. Nxc5 Qxc5 17. Rad1 Rad8 18. Bc2 Bxd4+ 19. cxd4 Rxd4 20. Rxd4 Qxd4+ 21. Qe3 Qxe3+ 22. Rxe3 Rc8 23. Bb3 Rc7 24. Kf2 Ba6 25. Kg3 Kg7 26. Kf4 Kf6 27. h4 h6 28. Rc3 Rxc3 29. bxc3 g5+ 30. Kg3 f4+ 31. Kg4 Bd3 32. hxg5+ hxg5 33. a3 Bf5+ 34. Kh5 Be6 35. Bc2 Bc4 36. Kg4 Bf1 37. g3 fxg3 38. Kxg3 Ke5 39. Kg4 f6 40. Bb3 Bb5 41. Ba2 Bd7+ 42. Kg3 f5 43. Bb3 Be6 44. Ba4 Kd6 45. Bb5 Kc5 46. Bd3 f4+ 47. Kf2 Bd5 48. Be2 Bc6 49. Ke1 Bb5 50. Bd1 Bc6 51. Be2 Bd5 52. Kd2 b5 53. Kc2 Bc4 54. Bd1 Bf1 55. Kd2 Kc4 56. Kc2 Bd3+ 57. Kd2 a5 58. a4 bxa4 59. Bxa4 Bf5 60. Bc6 Kb3 61. Bd5+ Kb2 62. c4 a4 63. c5 a3 0-1

[Event "Karl Mala Memorial op 12th"]
[Site "Frankfurt"]
[Date "2009.07.17"]
[Round "2"]
[White "Hahn, Florian"]
[Black "Hess, Steffen"]
[Result "1/2-1/2"]
[WhiteElo "2064"]
[BlackElo "1839"]
[PlyCount "22"]
[EventDate "2009.07.16"]
[EventType "swiss"]
[EventRounds "7"]
[EventCountry "GER"]
[SourceTitle "EXT 2010"]
[Source "ChessBase"]
[SourceDate "2010.11.25"]
[SourceVersion "1"]
[SourceVersionDate "2010.11.25"]
[SourceQuality "1"]

1. c4 Nf6 2. g3 e6 3. Bg2 c6 4. Nf3 d5 5. Qc2 Bd6 6. 0-0 Nbd7 7. b3 0-0 8. Bb2 Qe7 9. d3 b6 10. Nbd2 Bb7 11. Rfd1 Rfd8 1/2-1/2

[Event "Main Vogelsberg op 4th"]
[Site "Heusenstamm"]
[Date "2009.05.02"]
[Round "5"]
[White "Hess, Steffen"]
[Black "Seifert, Christopher"]
[Result "1/2-1/2"]
[WhiteElo "1671"]
[BlackElo "2089"]
[PlyCount "66"]
[EventDate "2009.04.30"]
[EventType "swiss"]
[EventRounds "7"]
[EventCountry "GER"]
[SourceTitle "CBM 130 Extra"]
[Source "ChessBase"]
[SourceDate "2009.07.02"]
[SourceVersion "2"]
[SourceVersionDate "2009.07.15"]
[SourceQuality "1"]

1. d4 Nf6 2. Nf3 g6 3. Nbd2 d5 4. e3 Bg7 5. Bd3 0-0 6. 0-0 c5 7. c3 Nc6 8. h3 Re8 9. Re1 e5 10. dxe5 Nxe5 11. Nxe5 Rxe5 12. e4 dxe4 13. Nxe4 Rd5 14. Nxf6+ Bxf6 15. Qa4 Bd7 16. Bb5 a6 17. Bxd7 Qxd7 18. Qxd7 Rxd7 19. Be3 c4 20. Rad1 Rad8 21. Rxd7 Rxd7 22. Bh6 Be7 23. Kf1 f5 24. Ke2 Kf7 25. Be3 Bf6 26. Rd1 Rxd1 27. Kxd1 Ke6 28. Kd2 Kd5 29. b3 b5 30. Bb6 h5 31. f3 g5 32. Bc7 g4 33. Bb6 gxh3 1/2-1/2